Rihanna - Chansons de l'album Good Girl Gone Bad - Statistiques

Statistiques générales
  • Ce quiz a été pris 13 fois
  • Le résultat moyen est 9 sur 17
Statistiques - réponses
Hint Réponse % Correct
Good Girl Gone Bad 1 Umbrella
90%
Good Girl Gone Bad 4 Breakin' Dishes
70%
Good Girl Gone Bad- 13 Disturbia
70%
Good Girl Gone Bad 3 Don't Stop the Music
70%
Good Girl Gone Bad- 12 Good Girl Gone Bad
70%
Good Girl Gone Bad- 10 Rehab
60%
Good Girl Gone Bad 5 Shut Up and Drive
60%
Good Girl Gone Bad 2 Push Up On Me
50%
Good Girl Gone Bad 8 Sell Me Candy
50%
Good Girl Gone Bad 6 Hate That I Love You
40%
Good Girl Gone Bad- 15 If I Never See Your Face Again
40%
Good Girl Gone Bad 9 Lemme Get That
40%
Good Girl Gone Bad- 11 Question Existing
40%
Good Girl Gone Bad 7 Say It
40%
Good Girl Gone Bad- 14 Take a Bow
40%
Good Girl Gone Bad Japan Edition 13 Cry
10%
Good Girl Gone Bad Japan Edition 14 Haunted
10%
Aucun quiz correspondant
Distribution des résultats
% des personnes avec chaque résultat
Percentile par nombre de réponses
Votre historique - résultats
Vous n’avez pas pris ce quiz